<?xml version="1.0" encoding="UTF-8"?>
<record
    xmlns:xsi="http://www.w3.org/2001/XMLSchema-instance"
    xsi:schemaLocation="http://www.loc.gov/MARC21/slim http://www.loc.gov/standards/marcxml/schema/MARC21slim.xsd"
    xmlns="http://www.loc.gov/MARC21/slim">

  <leader>00962nam a2200325 a 4500</leader>
  <controlfield tag="001">000113420</controlfield>
  <controlfield tag="003">CHAP</controlfield>
  <controlfield tag="005">20230519094535.0</controlfield>
  <controlfield tag="008">170621s2005    ck     |r     ||||||spa d</controlfield>
  <datafield tag="010" ind1=" " ind2=" ">
    <subfield code="a">109881</subfield>
  </datafield>
  <datafield tag="011" ind1=" " ind2=" ">
    <subfield code="a">110853</subfield>
  </datafield>
  <datafield tag="020" ind1=" " ind2=" ">
    <subfield code="a">9588203120</subfield>
  </datafield>
  <datafield tag="040" ind1=" " ind2=" ">
    <subfield code="c">CHAP</subfield>
  </datafield>
  <datafield tag="082" ind1="0" ind2="4">
    <subfield code="a">636.08903</subfield>
    <subfield code="b">V12</subfield>
  </datafield>
  <datafield tag="245" ind1="0" ind2="0">
    <subfield code="a">Vadem&#xE9;cum veterinario /</subfield>
    <subfield code="c">editado por Felipe Dur&#xE1;n Ram&#xED;rez.</subfield>
  </datafield>
  <datafield tag="260" ind1=" " ind2=" ">
    <subfield code="a">Bogot&#xE1; :</subfield>
    <subfield code="b">Grupo Latino,</subfield>
    <subfield code="c">2005.</subfield>
  </datafield>
  <datafield tag="300" ind1=" " ind2=" ">
    <subfield code="a">1511 p.</subfield>
  </datafield>
  <datafield tag="490" ind1=" " ind2=" ">
    <subfield code="a">Volvamos al campo</subfield>
  </datafield>
  <datafield tag="590" ind1=" " ind2=" ">
    <subfield code="a">E5765TAJ</subfield>
    <subfield code="b">05</subfield>
    <subfield code="c">20170621</subfield>
    <subfield code="l">UCH01</subfield>
    <subfield code="h">0910</subfield>
  </datafield>
  <datafield tag="590" ind1=" " ind2=" ">
    <subfield code="a">E5765TAJ</subfield>
    <subfield code="b">05</subfield>
    <subfield code="c">20170621</subfield>
    <subfield code="l">UCH01</subfield>
    <subfield code="h">0914</subfield>
  </datafield>
  <datafield tag="650" ind1="1" ind2="4">
    <subfield code="a">Animales dom&#xE9;sticos</subfield>
    <subfield code="x">Anatom&#xED;a y fisiolog&#xED;a.</subfield>
    <subfield code="9">5892</subfield>
  </datafield>
  <datafield tag="650" ind1="1" ind2="4">
    <subfield code="a">Patolog&#xED;a veterinaria.</subfield>
    <subfield code="9">86194</subfield>
  </datafield>
  <datafield tag="650" ind1="1" ind2="4">
    <subfield code="a">Veterinaria</subfield>
    <subfield code="x">Diagn&#xF3;stico.</subfield>
    <subfield code="9">118992</subfield>
  </datafield>
  <datafield tag="650" ind1="1" ind2="4">
    <subfield code="a">Veterinaria</subfield>
    <subfield code="x">Medicamentos.</subfield>
    <subfield code="9">119002</subfield>
  </datafield>
  <datafield tag="700" ind1="1" ind2=" ">
    <subfield code="a">Dur&#xE1;n Ram&#xED;rez, Felipe</subfield>
    <subfield code="e">ed.</subfield>
    <subfield code="9">34702</subfield>
  </datafield>
  <datafield tag="830" ind1=" " ind2="0">
    <subfield code="a">Volvamos al campo</subfield>
    <subfield code="9">124898</subfield>
  </datafield>
  <datafield tag="901" ind1=" " ind2=" ">
    <subfield code="a">BK</subfield>
  </datafield>
  <datafield tag="942" ind1=" " ind2=" ">
    <subfield code="c">LIBRO</subfield>
  </datafield>
  <datafield tag="942" ind1=" " ind2=" ">
    <subfield code="n">0</subfield>
  </datafield>
  <datafield tag="999" ind1=" " ind2=" ">
    <subfield code="c">109881</subfield>
    <subfield code="d">109881</subfield>
  </datafield>
  <datafield tag="952" ind1=" " ind2=" ">
    <subfield code="0">0</subfield>
    <subfield code="1">0</subfield>
    <subfield code="2">ddc</subfield>
    <subfield code="4">0</subfield>
    <subfield code="5">1</subfield>
    <subfield code="7">0</subfield>
    <subfield code="8">C</subfield>
    <subfield code="a">CRSLA</subfield>
    <subfield code="b">CRSLA</subfield>
    <subfield code="d">2017-06-21</subfield>
    <subfield code="f">LIBRO</subfield>
    <subfield code="l">0</subfield>
    <subfield code="o">636.08903 V12</subfield>
    <subfield code="p">02000001108</subfield>
    <subfield code="r">2019-12-31 00:00:00</subfield>
    <subfield code="w">2017-06-21</subfield>
    <subfield code="y">LIBRO</subfield>
    <subfield code="z">Recien adquirido</subfield>
  </datafield>
</record>
